000 00609nam a22001937a 4500
005 20160704115713.0
010 _aENG-115364
020 _a9788178441863
_c1495.00
035 _aEN-98896
037 _bDBAD/PUB
082 _a301.1
100 _aManoj Kumar Singh
245 _aIntroduction to social psychology /
_cby Manoj Kumar Singh
260 _aNew Delhi
_bK.K. Publications
_c2014
270 _a4806/24,Bharat Ram Road,Daryaganj
_bNew Delhi
_e110002
300 _aviii,288p.
_c22cm(Hb)
500 _aIncludes bibliographical references and index
942 _2ddc
_cEN
_mMAN
_h301.1
999 _c101130
_d101130